| 000 | 00605nam a2200205 a 4500 | ||
|---|---|---|---|
| 005 | 20230131063749.0 | ||
| 008 | 080519s1988 ea r 000 0 eng d | ||
| 020 | _a0387965424 | ||
| 035 | _aUPN01000155950 | ||
| 049 | _aCG | ||
| 050 | 4 |
_aQA278 _bB3.2 |
|
| 100 | 1 | _aBernstein, Ira H. | |
| 245 | 1 | 0 |
_aApplied multivariate analysis / _cIra H. Bernstein, Calvin P. Garbin and Gary K. Teng. |
| 260 |
_aNew York : _bSpringer-Verlag, _cc1988. |
||
| 300 | _a508 p. | ||
| 650 | 2 |
_aAnĂ¡lisis multivariado _96470 |
|
| 700 | 1 |
_aGarbin, Calvin P., _ecoaut. |
|
| 700 | 1 |
_aTeng, Gary K., _dcoaut. |
|
| 905 | _aLibro | ||
| 999 |
_c128064 _d128064 |
||